Statistics for Recurring Doctor Who Villains

Click here to take the quiz!

General Stats

  • This quiz has been taken 42 times
    (22 since last reset)
  • The average score is 11 of 18

Answer Stats

StoriesAppearancesAnswer% Correct
20 stories + 8 cameos1966-1968; 1973 (cameo); 1975; 1982-1983; 1985; 1988; 2006; 2008; 2010 (cameo); 2011; 2013-2014; 2015 (cameos); 2017; 2020; 2021 (cameos); 2022The Cybermen
100%
28 stories + 15 cameos1963-1967; 1972-1975; 1979; 1983 (cameo); 1984-1985; 1988; 1996 (cameo); 2005-2008; 2009 (cameo); 2010; 2011 (cameo); 2012; 2013 (cameos); 2014-2015; 2017 (cameos); 2019; 2021-2022The Daleks
100%
31 stories + 8 cameos1971-1973; 1976; 1981-1986; 1989; 1996; 2007; 2009-2010; 2014-2015; 2017; 2020; 2022The Master
93%
5 stories + 1 cameo1967-1968; 1983 (cameo); 2013The Great Intelligence
73%
3 stories + 2 cameos1970-1971; 2005; 2006 (cameo); 2010 (cameo)The Nestene Consciousness/The Autons
73%
3 stories + 1 cameo1972; 1973 (cameo); 1984; 2022The Sea Devils
73%
6 stories + 1 cameo1967; 1969; 1972; 1974; 2013; 2015 (cameo); 2017The Ice Warriors
67%
3 stories + 2 cameos2011; 2013; 2021 (cameo)The Silence
67%
7 stories + 6 cameos1973-1975; 1978; 1985; 2008; 2010 (cameos); 2013 (cameo); 2015 (cameo); 2021The Sontarans
67%
4 stories + 7 cameos2007; 2010; 2011 (cameo); 2012; 2013 (cameo); 2015 (cameo); 2021The Weeping Angels
67%
3 stories1975; 2013; 2015The Zygons
67%
3 stories + 5 cameos1970; 1972; 1984; 2010; 2011 (cameos); 2012 (cameo); 2015 (cameo)The Silurians
60%
16 stories + 6 cameos1969; 1971; 1973; 1975 (cameo); 1976; 1978; 1983; 1986; 2007 (cameo); 2009-2010; 2011 (cameo); 2013; 2014 (cameo); 2015; 2020The Time Lords
60%
3 stories + 6 cameos2007-2008; 2010 (cameos); 2011 (cameo); 2015 (cameos); 2020The Judoon
53%
7 stories1975; 1979; 1984-1985; 1988; 2008; 2015Davros
40%
3 stories1983; 2009-2010; 2015Rassilon
33%
4 stories1979; 1983Black Guardian
27%
4 stories + 6 cameos2006; 2008-2011; 2015 (cameos); 2021 (cameos)The Ood
27%

Score Distribution

Percentile by Number Answered

Percent of People with Each Score

Your Score History

You have not taken this quiz since the last reset